00546nam a22001937a 450000500170000000800410001701000140005802000150007202000160008703500130010308200060011610000180012224500760014026000390021626000090025530000200026450000400028470000280032420081022121832.0081022t xxu||||| |||| 00| 0 eng d aENG-84314 a0195685644 c475.00 (hb) aEN-67847 aN aGibbes, Phebe aHartly, house, calcutta /cby Phebe Gibbes; edited by Michael J Franlin aNew DelhibOxford University Press c2007 alvii,222pc23cm aIncludes bibliographical references aFranklin, Michael Jced